| 000 | 00498nam a22001457a 4500 | ||
|---|---|---|---|
| 999 |
_c512908 _d512908 |
||
| 008 | 191227b ||||| |||| 00| 0 eng d | ||
| 100 |
_aShanmugan, K. _914960 |
||
| 245 | _aAgricultural labour productivity and its determinants in India | ||
| 260 | _bIndian Journal of Labour Economics | ||
| 300 | _a62(3), Jul-Sep, 2019: p.431-449. | ||
| 700 |
_aBaria, Bhagirath Prakash _914961 |
||
| 773 | _aIndian Journal of Labour Economics | ||
| 906 | _aAgricultural production - India | ||
| 942 |
_2ddc _cAR |
||